[Event "World Blitz 2023"]
[Site "Samarkand UZB"]
[Date "2023.12.30"]
[Round "12.7"]
[White "Jobava, Baadur"]
[Black "Petrov, Nikita"]
[Result "1-0"]
[WhiteElo "2599"]
[BlackElo "2521"]
[EventDate "2023.12.29"]

1. e4 e5 2. Nf3 Nc6 3. c3 Nf6 4. d3 d5 5. Qc2 a5 6. a4 Bc5 7. Be2 O-O 8.
O-O Be6 9. h3 Re8 10. Re1 h6 11. Bf1 Qd7 12. Na3 Rad8 13. Nb5 Nh7 14. Bd2
Nf8 15. Rad1 Ng6 16. Bc1 Bb6 17. d4 dxe4 18. dxe5 Qe7 19. Rxd8 Rxd8 20.
Qxe4 Bd5 21. Qe2 Bxf3 22. Qxf3 Ncxe5 23. Qe4 Qf6 24. Be3 Bxe3 25. Qxe3 c6
26. Nd4 Re8 27. Qd2 Re7 28. Re3 Nf4 29. Nb3 b6 30. Nd4 Qg5 31. Qd1 c5 32.
Rg3 Qf6 33. Nb5 Rd7 34. Qc2 g6 35. Re3 h5 36. Qe4 Re7 37. Qa8+ Kg7 38. Qd8
Rd7 39. Qb8 Re7 40. Nd6 Kh7 41. Ne4 Qc6 42. Ng5+ Kh6 43. Rxe5 1-0

[Event "World Blitz 2023"]
[Site "Samarkand UZB"]
[Date "2023.12.30"]
[Round "12.8"]
[White "Bai, Jinshi"]
[Black "Predke, Alexandr"]
[Result "1-0"]
[WhiteElo "2516"]
[BlackElo "2594"]
[EventDate "2023.12.29"]

1. Nf3 c5 2. c4 Nf6 3. Nc3 e6 4. e4 Nc6 5. Be2 Qc7 6. O-O a6 7. h3 Bd6 8.
d3 O-O 9. Be3 b6 10. Qd2 Bb7 11. Rac1 h6 12. Rfd1 Rac8 13. d4 cxd4 14. Nxd4
Nxd4 15. Qxd4 Bc5 16. Qd3 Qe5 17. Bxc5 bxc5 18. Qd6 Qxd6 19. Rxd6 Bc6 20.
e5 Ne8 21. Rd3 f6 22. exf6 Nxf6 23. Bf3 Bxf3 24. Rxf3 d5 25. cxd5 exd5 26.
b3 d4 27. Na4 Ne4 28. Rxf8+ Rxf8 29. f3 Ng3 30. Kf2 Ne4+ 31. Ke2 Ng3+ 32.
Kf2 Ne4+ 33. Kg1 Ng3 34. Rxc5 Re8 35. Kf2 Nh1+ 36. Kg1 Ng3 37. Rd5 h5 38.
h4 Re3 39. Rxd4 Re2 40. Nc3 Rc2 41. Rd8+ Kh7 42. Ne4 Ne2+ 43. Kf1 Nf4 44.
Rd6 g6 45. g3 Nh3 46. Rxa6 Rh2 47. Ng5+ Nxg5 48. hxg5 1-0

[Event "World Blitz 2023"]
[Site "Samarkand UZB"]
[Date "2023.12.30"]
[Round "12.9"]
[White "Aravindh, Chithambaram Vr."]
[Black "Bocharov, Dmitry"]
[Result "1-0"]
[WhiteElo "2584"]
[BlackElo "2482"]
[EventDate "2023.12.29"]

1. e4 c5 2. Nf3 d6 3. Bb5+ Nd7 4. a4 Nf6 5. Nc3 a6 6. Be2 b6 7. O-O Bb7 8.
d3 g6 9. Bg5 h6 10. Bf4 Bg7 11. h3 O-O 12. Nd2 e5 13. Bg3 Ne8 14. f4 exf4
15. Bxf4 Ne5 16. Nf3 Nc7 17. Qd2 Kh7 18. Rf2 Ne6 19. Be3 Nxf3+ 20. Bxf3 Nd4
21. Raf1 f5 22. Bd1 Qd7 23. Nd5 Rae8 24. c3 Ne6 25. Nxb6 Qd8 26. Nd5 Bxd5
27. exd5 1-0

[Event "World Blitz 2023"]
[Site "Samarkand UZB"]
[Date "2023.12.30"]
[Round "12.10"]
[White "Nesterov, Arseniy"]
[Black "Sanal, Vahap"]
[Result "1-0"]
[WhiteElo "2488"]
[BlackElo "2637"]
[EventDate "2023.12.29"]

1. d4 d6 2. e4 Nf6 3. Nc3 e5 4. Nf3 Nbd7 5. Bc4 Be7 6. O-O O-O 7. a4 c6 8.
Qe2 exd4 9. Nxd4 Ne5 10. Bb3 Re8 11. h3 Bf8 12. Rd1 Qa5 13. Bd2 Qc7 14. Nf3
Be6 15. Bxe6 Nxf3+ 16. Qxf3 Rxe6 17. Re1 Rae8 18. Rad1 h6 19. b3 a5 20. Qd3
Nd7 21. Bf4 Nc5 22. Qc4 Qc8 23. Re3 Nxe4 1-0

[Event "World Blitz 2023"]
[Site "Samarkand UZB"]
[Date "2023.12.30"]
[Round "12.11"]
[White "Martirosyan, Haik M."]
[Black "Petrosyan, Manuel"]
[Result "0-1"]
[WhiteElo "2770"]
[BlackElo "2556"]
[EventDate "2023.12.29"]

1. d4 Nf6 2. c4 e6 3. Bg5 c5 4. d5 exd5 5. cxd5 h6 6. Bc1 d6 7. Nc3 g6 8.
e4 Bg7 9. Bb5+ Nbd7 10. a4 O-O 11. Nge2 Qc7 12. O-O c4 13. Bxd7 Nxd7 14.
Nb5 Qb8 15. Bf4 Ne5 16. Qd2 Kh7 17. Be3 Bd7 18. Nbc3 f5 19. Bd4 fxe4 20.
Nxe4 Bf5 21. N2g3 Qc7 22. Rac1 Rac8 23. b3 Qe7 24. Bxe5 Qxe5 25. Rfe1 Qb2
26. Qxb2 Bxb2 27. Rxc4 Rxc4 28. bxc4 Be5 29. a5 Rc8 30. Rb1 Rxc4 31. Rxb7+
Kh8 32. f3 Rc1+ 33. Kf2 Rc2+ 34. Kf1 Rc1+ 35. Ke2 Rc2+ 36. Ke3 Rxg2 37. f4
Bb2 38. Nxd6 Bc1+ 39. Kf3 Bh3 40. Rxa7 Rxh2 41. Rc7 Bg2+ 42. Kg4 Bh3+ 43.
Kf3 Bg2+ 44. Kf2 Bxf4 45. Rc8+ Kh7 46. Rc7+ Kg8 47. Rc8+ Kg7 48. Ne8+ Kf7
49. Nf1 Bh3+ 50. Nxh2 Bxc8 51. Ng4 Bxg4 52. a6 Bc8 53. a7 Bb7 54. Ng7 Kxg7
55. d6 Bxd6 0-1

[Event "World Blitz 2023"]
[Site "Samarkand UZB"]
[Date "2023.12.30"]
[Round "12.12"]
[White "Grischuk, Alexander"]
[Black "Kosakowski, Jakub"]
[Result "1-0"]
[WhiteElo "2699"]
[BlackElo "2485"]
[EventDate "2023.12.29"]

1. d4 Nf6 2. c4 e6 3. Bg5 d5 4. e3 Bb4+ 5. Nc3 h6 6. Bh4 c5 7. cxd5 Qa5 8.
Bxf6 Bxc3+ 9. bxc3 Qxc3+ 10. Ke2 gxf6 11. Rc1 Qa3 12. Rxc5 Na6 13. Qc1 Qxc1
14. Rxc1 exd5 15. Kd2 Bf5 16. Ne2 Nb4 17. Ng3 Bg6 18. a3 Nc6 19. Rc5 O-O
20. Rxd5 Rac8 21. Bd3 b6 22. Ba6 Rcd8 23. Rxd8 Rxd8 24. Rc1 Rd6 25. f4 f5
26. Bb5 Ne7 27. Rc7 Nd5 28. Rxa7 h5 29. Rd7 Rxd7 30. Bxd7 1-0

[Event "World Blitz 2023"]
[Site "Samarkand UZB"]
[Date "2023.12.30"]
[Round "12.13"]
[White "Khismatullin, Denis"]
[Black "Abdusattorov, Nodirbek"]
[Result "0-1"]
[WhiteElo "2552"]
[BlackElo "2694"]
[EventDate "2023.12.29"]

1. Nf3 Nf6 2. c4 g6 3. Nc3 Bg7 4. e4 d6 5. d4 O-O 6. Be2 e5 7. O-O Nc6 8.
d5 Ne7 9. b4 a5 10. Ba3 axb4 11. Bxb4 b6 12. a4 Ne8 13. Nb5 f5 14. exf5
Nxf5 15. Ra3 Bd7 16. Bd3 Nf6 17. Re1 Bh6 18. a5 Bxb5 19. cxb5 bxa5 20. Rxa5
Kh8 21. Qc2 Nxd5 22. Rxa8 Qxa8 23. Bc3 Nxc3 24. Qxc3 Qa7 25. Be4 Nd4 26.
Nxd4 exd4 27. Qd3 Bg7 28. g3 Qa2 29. Re2 Qa1+ 30. Kg2 Be5 31. f4 g5 32. Rf2
gxf4 33. gxf4 Rg8+ 34. Kh3 Qg1 35. Rg2 Rxg2 36. Bxg2 Bxf4 37. Qe4 Qxh2+ 38.
Kg4 Qg3+ 39. Kf5 Qg5+ 40. Ke6 d3 41. Kd7 d2 42. Bf3 Qxb5+ 43. Kc8 Qe5 44.
Qd3 c5 45. Kb7 Kg7 46. Bd1 d5 47. Bc2 Kf6 48. Qf3 c4 49. Qg4 Qe7+ 50. Ka8
Qd8+ 51. Kb7 Qb8+ 52. Ka6 Qd6+ 53. Kb7 Qe5 54. Ka6 d4 0-1

[Event "World Blitz 2023"]
[Site "Samarkand UZB"]
[Date "2023.12.30"]
[Round "12.15"]
[White "Moiseenko, Alexander"]
[Black "Quparadze, Giga"]
[Result "1/2-1/2"]
[WhiteElo "2556"]
[BlackElo "2617"]
[EventDate "2023.12.29"]

1. d4 Nf6 2. Bg5 d5 3. e3 c5 4. Bxf6 gxf6 5. dxc5 e6 6. c4 dxc4 7. Nd2 Bxc5
8. Bxc4 Nc6 9. Ngf3 Be7 10. O-O O-O 11. Rc1 f5 12. e4 fxe4 13. Nxe4 Qxd1
14. Rfxd1 Rd8 15. Rxd8+ Bxd8 16. Rd1 Be7 17. Nd6 Rb8 18. Kf1 Kf8 19. Ke2
Bxd6 20. Rxd6 Ke7 21. Rd2 e5 22. Bd5 f6 23. Ke3 Be6 24. a3 Na5 25. Bxe6
Kxe6 26. Rc2 Nc6 27. g4 h5 28. gxh5 Rh8 29. b4 Rxh5 30. b5 Ne7 31. Ke2 Nf5
32. Rc7 e4 33. Nd2 Nd6 34. Nc4 Rxb5 35. Nxd6 Kxd6 36. Rf7 Ke6 37. Rg7 f5
38. h4 f4 39. Rg6+ Ke7 40. Rg4 Rf5 41. h5 f3+ 42. Ke3 Rxh5 43. Rxe4+ Kd6
44. a4 Rf5 45. Rf4 Rxf4 46. Kxf4 a5 47. Kxf3 b5 48. Ke4 b4 49. Kd4 Ke6 50.
Ke4 Kf6 51. f4 Ke6 52. Kd4 Kf5 53. Ke3 Kf6 54. Kd4 Ke7 55. Ke3 Kd7 56. Kd4
Kd6 57. Ke4 Kc5 58. f5 Kd6 59. Kd4 Ke7 60. Ke3 Kf7 61. Kd4 Kg7 62. Ke3 Kh6
63. Kd4 Kg5 64. Ke5 b3 65. f6 Kg6 66. Ke6 b2 67. f7 b1=Q 68. f8=Q Qe4+ 69.
Kd7 Qxa4+ 70. Kc7 Qc4+ 71. Kd7 a4 72. Qf2 Qd3+ 73. Kc6 a3 74. Qg2+ Kf5 75.
Qf2+ Ke4 76. Qg2+ Qf3 77. Qa2 Qc3+ 78. Kd6 Qb2 79. Qe6+ Kd3 80. Qf5+ Kd2
81. Qf2+ Kd3 82. Qf3+ Kc4 83. Qd5+ Kc3 84. Qc5+ Kd2 85. Qf2+ Kc1 86. Qe1+
Kc2 87. Qe2+ Kb1 88. Qd1+ Qc1 89. Qb3+ Ka1 90. Ke7 a2 91. Kf8 Qd2 92. Qb7
Qc3 93. Qb6 Qa3+ 94. Kf7 Qf3+ 95. Ke8 Qe2+ 96. Kf7 Qh5+ 97. Kg8 Qe5 98. Kf7
Qe4 99. Qb3 Qd4 100. Ke8 Qc5 101. Kf7 Qc7+ 102. Ke8 Qd6 103. Qc3+ Kb1 104.
Qb3+ Ka1 105. Qc3+ 1/2-1/2

[Event "World Blitz 2023"]
[Site "Samarkand UZB"]
[Date "2023.12.30"]
[Round "12.16"]
[White "Anton Guijarro, David"]
[Black "Karthik, Venkataraman"]
[Result "1-0"]
[WhiteElo "2616"]
[BlackElo "2440"]
[EventDate "2023.12.29"]

1. e4 c5 2. Nf3 d6 3. Bb5+ Bd7 4. Bxd7+ Nxd7 5. O-O e6 6. d3 Be7 7. h3 Rc8
8. c4 Bf6 9. Nc3 a6 10. Bf4 Ne5 11. Nxe5 Bxe5 12. Be3 g6 13. f4 Bg7 14. f5
Nf6 15. Qf3 O-O 16. Bg5 h6 17. Bh4 Qd7 18. Rad1 b5 19. b3 b4 20. Ne2 exf5
21. exf5 g5 22. Bg3 Rfe8 23. d4 Qe7 24. Rfe1 Ne4 25. Bh2 Qf6 26. Kh1 h5 27.
g4 hxg4 28. hxg4 Re7 29. Ng3 Nxg3+ 30. Bxg3 Rxe1+ 31. Bxe1 Re8 32. Bf2 cxd4
33. Kg2 d3 34. Rxd3 a5 35. Bd4 Qh6 36. Bxg7 Kxg7 37. f6+ Qxf6 38. Qxf6+
Kxf6 39. Rxd6+ Kg7 40. Kf3 f6 41. Rd5 Ra8 42. Ke4 Kg6 43. c5 a4 44. c6 axb3
45. axb3 Re8+ 46. Kd4 Kf7 47. Kc5 Re2 48. c7 Rc2+ 49. Kd6 Ke8 50. Rd4 Rc3
51. Re4+ Kf7 52. Rxb4 Rd3+ 53. Kc6 1-0

[Event "World Blitz 2023"]
[Site "Samarkand UZB"]
[Date "2023.12.30"]
[Round "12.17"]
[White "Niemann, Hans Moke"]
[Black "Daneshvar, Bardiya"]
[Result "1/2-1/2"]
[WhiteElo "2614"]
[BlackElo "2483"]
[EventDate "2023.12.29"]

1. e4 c6 2. Nf3 d5 3. d3 dxe4 4. dxe4 Qxd1+ 5. Kxd1 Nf6 6. Nfd2 g5 7. a4 h5
8. Nc3 h4 9. f3 Nh5 10. Nc4 f6 11. Be3 e5 12. a5 Be6 13. Na4 Na6 14. c3 Nf4
15. Kc2 Nxg2 16. Bf2 Nf4 17. b4 g4 18. fxg4 Bxg4 19. Rg1 Be6 20. Be3 Rh7
21. Nd2 Nc7 22. Nc5 Bxc5 23. Bxc5 Nb5 24. Nc4 Rd7 25. a6 O-O-O 26. axb7+
Kxb7 27. Na5+ Kc7 28. Be3 Nd6 29. Nb3 Nxe4 30. Rxa7+ Kb8 31. Na5 Bd5 32.
Rxd7 Rxd7 33. c4 Be6 34. Nxc6+ Kc7 35. b5 Bf5 36. Kb3 Nd2+ 37. Bxd2 Rxd2
38. c5 Ne6 39. Na5 Nxc5+ 40. Kb4 Nd7 41. Rg7 Be6 42. Bc4 Rd4 43. Kc3 Bxc4
44. Nxc4 Rd5 45. Kb4 e4 46. Re7 f5 47. Ne3 Re5 48. Rxe5 Nxe5 49. Nxf5 Nf3
50. h3 Ng5 51. Kc5 e3 52. b6+ Kb7 53. Nxe3 Nxh3 54. Nc4 Nf4 55. Na5+ Kb8
56. b7 Kc7 57. Kb5 Ne6 58. Nc4 h3 59. Ka6 Kb8 60. Kb6 Nd8 61. Ne5 Nxb7 62.
Nf3 Nd6 63. Kc5 Nf5 64. Kd5 Nh4 65. Nh2 Ng6 66. Ke4 Ne7 67. Kf3 1/2-1/2

[Event "World Blitz 2023"]
[Site "Samarkand UZB"]
[Date "2023.12.30"]
[Round "12.18"]
[White "Petrosian, Tigran L."]
[Black "Tsaruk, Maksim"]
[Result "1-0"]
[WhiteElo "2610"]
[BlackElo "2378"]
[EventDate "2023.12.29"]

1. Nf3 Nf6 2. g3 d5 3. Bg2 c5 4. O-O Nc6 5. d3 g6 6. Nbd2 Bg7 7. e4 O-O 8.
Re1 dxe4 9. dxe4 e5 10. c3 Be6 11. Qe2 Qc7 12. Ng5 Bg4 13. Bf3 Bd7 14. Bg2
Bg4 15. Ngf3 Rfd8 16. Nc4 b5 17. Ne3 c4 18. Nxg4 Nxg4 19. Nd2 Nf6 20. Nf1
Rd6 21. a4 Qb7 22. axb5 Qxb5 23. Ne3 Rd3 24. Qc2 Rad8 25. Qa4 Qxa4 26. Rxa4
Bh6 27. Rxc4 Na5 28. Rb4 Bxe3 29. Bxe3 Rd1 30. Rf1 Ng4 31. Bxa7 Rxf1+ 32.
Bxf1 Nc6 33. Bb6 Rd1 34. Rc4 Ne7 35. h3 Nf6 36. Kg2 h5 37. Be3 Ne8 38. Ra4
Nd6 39. Be2 Re1 40. Bd3 f5 41. Bg5 Nc6 42. Ra6 fxe4 43. Rxc6 Nf7 44. Bc4
1-0

[Event "World Blitz 2023"]
[Site "Samarkand UZB"]
[Date "2023.12.30"]
[Round "12.19"]
[White "Makarian, Rudik"]
[Black "Chigaev, Maksim"]
[Result "1-0"]
[WhiteElo "2540"]
[BlackElo "2561"]
[EventDate "2023.12.29"]

1. e4 e5 2. Nf3 Nc6 3. Bc4 Nf6 4. d3 Bc5 5. c3 d6 6. Bg5 h6 7. Bh4 a6 8.
O-O Ba7 9. Nbd2 Qe7 10. b4 g5 11. Bg3 Nh7 12. b5 axb5 13. Bxb5 h5 14. h4 g4
15. Ne1 Nf8 16. Nc4 Ng6 17. d4 O-O 18. Ne3 exd4 19. Nd5 Qd8 20. Qd2 dxc3
21. Nxc3 Nce5 22. Kh1 c6 23. Be2 Nxh4 24. f4 gxf3 25. Nxf3 Nhg6 26. Nxe5
dxe5 27. Qh6 h4 28. Bc4 Qd6 29. Rad1 Bd4 30. Rxd4 1-0

[Event "World Blitz 2023"]
[Site "Samarkand UZB"]
[Date "2023.12.30"]
[Round "12.20"]
[White "Pranesh, M"]
[Black "Lazavik, Denis"]
[Result "0-1"]
[WhiteElo "2481"]
[BlackElo "2556"]
[EventDate "2023.12.29"]

1. e4 e5 2. Nf3 Nc6 3. Bb5 Nf6 4. d3 Bc5 5. Bxc6 dxc6 6. Nbd2 Nd7 7. Nc4 f6
8. Be3 Bxe3 9. fxe3 Nf8 10. O-O Be6 11. Na5 b6 12. Nb3 Ng6 13. d4 O-O 14.
dxe5 Nxe5 15. Nbd4 Nxf3+ 16. Qxf3 Bd7 17. Qg3 c5 18. Nf5 Bxf5 19. Rxf5 Qe7
20. e5 fxe5 21. Rxe5 Qf6 22. h3 Qd6 23. Kh2 Rf6 24. e4 Raf8 25. Qb3+ R6f7
26. Qd5 Qxd5 27. exd5 Rf2 28. c4 Rxb2 29. Re7 Rff2 30. Rxc7 Rxg2+ 31. Kh1
Rh2+ 32. Kg1 Rbg2+ 33. Kf1 Rg5 34. Rd1 Rh1+ 35. Ke2 Re5+ 36. Kd2 Rxd1+ 37.
Kxd1 Re4 38. Rxa7 Rxc4 39. Ke2 Rd4 40. Rb7 Rxd5 41. Rxb6 Rd4 42. Rc6 Rh4
43. Rxc5 Rxh3 44. a4 Ra3 45. a5 g6 46. Kf2 Kg7 47. Rc7+ Kh6 48. Rc5 g5 49.
Kg2 Kh5 50. Rb5 h6 51. Kh2 Kh4 52. Kg2 g4 53. Kf2 h5 54. Rc5 Ra2+ 55. Kg1
g3 56. a6 Rxa6 57. Rc1 Kh3 58. Kh1 h4 59. Rd1 Ra2 60. Rc1 Re2 61. Rd1 Kg4
62. Rd4+ Kf3 63. Rd1 h3 64. Rf1+ Kg4 65. Rc1 Re4 66. Rd1 h2 67. Rf1 Kh3 0-1

[Event "World Blitz 2023"]
[Site "Samarkand UZB"]
[Date "2023.12.30"]
[Round "12.21"]
[White "Uskov, Artem"]
[Black "Esipenko, Andrey"]
[Result "1-0"]
[WhiteElo "2328"]
[BlackElo "2615"]
[EventDate "2023.12.29"]

1. e4 e5 2. Nf3 Nc6 3. Bb5 a6 4. Ba4 Nf6 5. O-O Be7 6. Re1 b5 7. Bb3 O-O 8.
a3 d6 9. h3 Be6 10. Bxe6 fxe6 11. d4 Nxd4 12. Nxd4 exd4 13. Qxd4 Nh5 14.
Qd1 Bh4 15. Be3 Qf6 16. Rf1 Nf4 17. Qg4 Bg5 18. Nc3 h5 19. Qd1 Rf7 20. Bxf4
Bxf4 21. Qxh5 Raf8 22. Ne2 Qxb2 23. Nxf4 Rxf4 24. Qg6 R8f6 25. Qe8+ Kh7 26.
Qh5+ Rh6 27. Qe2 Qe5 28. Rae1 Rhf6 29. Qd3 g5 30. Re3 Rh4 31. Rg3 Kh6 32.
Qc3 Rxe4 33. Qxc7 Rc4 34. Qd8 Rf7 35. Qe8 Kg7 36. Kh2 Rxc2 37. Kg1 Rc4 38.
Kh2 Rcf4 39. Kg1 R4f5 40. h4 Qxg3 41. fxg3 Rxf1+ 42. Kh2 R1f6 43. hxg5 Rg6
44. Qd8 e5 45. Kh3 e4 46. Qe8 d5 47. Qe5+ Kh7 48. Qxd5 Re7 49. Qc5 Rge6 50.
Qe3 a5 51. Kh4 b4 52. axb4 axb4 53. Kh5 b3 54. Qxb3 e3 55. Qd3+ Kg7 56. Qe2
Re5 57. g4 Rb7 58. Qf3 Rf7 59. Qe2 Rf2 60. Qd3 e2 61. Qg6+ Kf8 62. Qd6+ Re7
63. Qd8+ Re8 64. Qd6+ Kg8 65. Qg6+ Kf8 66. Qd6+ Kf7 67. g6+ Kg7 68. Qd7+
Kf8 69. g7+ Kg8 70. Qxe8+ 1-0

[Event "World Blitz 2023"]
[Site "Samarkand UZB"]
[Date "2023.12.30"]
[Round "12.22"]
[White "Ponomariov, Ruslan"]
[Black "Madaminov, Mukhiddin"]
[Result "1-0"]
[WhiteElo "2613"]
[BlackElo "2460"]
[EventDate "2023.12.29"]

1. d4 Nf6 2. c4 g6 3. Nc3 d5 4. cxd5 Nxd5 5. e4 Nxc3 6. bxc3 Bg7 7. Bc4 c5
8. Ne2 Nc6 9. Be3 O-O 10. O-O b6 11. Rc1 Bb7 12. Bb5 a6 13. Bxc6 Bxc6 14.
d5 Bb7 15. Qb3 Rb8 16. c4 Bc8 17. f4 e6 18. Nc3 Re8 19. e5 exd5 20. cxd5
Bf5 21. Rfd1 Qd7 22. d6 Rec8 23. Nd5 Be6 24. Qd3 Bxd5 25. Qxd5 h5 26. h3
Kh7 27. Rb1 Re8 28. Rb3 f6 29. exf6 Bxf6 30. Bf2 Re2 31. Bxc5 b5 32. Re3
Rxe3 33. Bxe3 Re8 34. Bf2 Bg7 35. Rc1 Rd8 36. Rc6 Qe8 37. Rxa6 Rd7 38. Ra7
Rxa7 39. Bxa7 Qe1+ 40. Kh2 h4 41. d7 Qg3+ 42. Kh1 Bf6 43. d8=Q Bxd8 44.
Qxd8 Qxf4 45. Qd7+ Kh6 46. Qxb5 g5 47. Qe2 Qa4 48. Be3 Qc6 49. Qg4 Kh7 50.
Qh5+ Kg8 51. Qxg5+ Kf7 52. Qxh4 Qc2 53. Qf2+ 1-0

[Event "World Blitz 2023"]
[Site "Samarkand UZB"]
[Date "2023.12.30"]
[Round "12.23"]
[White "Idani, Pouya"]
[Black "Vrolijk, Liam"]
[Result "1/2-1/2"]
[WhiteElo "2574"]
[BlackElo "2487"]
[EventDate "2023.12.29"]

1. e4 e5 2. Nf3 Nc6 3. Bc4 Nf6 4. d3 Bc5 5. Nc3 a6 6. Be3 d6 7. Bxc5 dxc5
8. Nd5 O-O 9. O-O Nxd5 10. Bxd5 Ne7 11. Bb3 Qd6 12. Qe1 Ng6 13. Kh1 b6 14.
Qe3 Be6 15. Nd2 a5 16. g3 Bh3 17. Rg1 Be6 18. Qe2 Rad8 19. Raf1 Bxb3 20.
axb3 Qd4 21. Nc4 f5 22. exf5 Rxf5 23. Qe4 Rdf8 24. Qxd4 cxd4 25. Kg2 Ne7
26. Nd2 Nd5 27. Ne4 Nb4 28. Rc1 Re8 29. Rge1 Re6 30. Nd2 Na2 31. Ra1 Nb4
32. Rac1 Na2 33. Rcd1 Nb4 34. Re2 Rc6 35. Nc4 Rc5 36. c3 dxc3 37. bxc3 Nd5
38. d4 exd4 39. Rxd4 h6 40. Rd3 Kh7 41. Red2 a4 42. Ne3 Nxe3+ 43. Rxe3 axb3
44. Rb2 Rb5 45. Re4 Rfc5 46. Re3 Rc4 47. Kf3 Ra4 48. Ree2 c5 49. Ke3 c4 50.
Kd4 Rf5 51. f4 b5 52. Re6 Ra8 53. Ke4 Rc5 54. Kd4 Rcc8 55. Rb6 Rcb8 56.
Rxb8 Rxb8 57. Kc5 Kg6 58. g4 h5 59. h3 hxg4 60. hxg4 Kf6 61. Rd2 Ke7 62.
Kb4 Ke6 63. Re2+ Kd6 64. Re1 Ra8 65. Kxb5 Rc8 66. Kb4 Kd5 67. Re5+ Kd6 68.
Re1 Kd7 69. f5 Kd6 70. g5 Kd5 71. f6 gxf6 72. gxf6 Rb8+ 73. Ka3 Ra8+ 74.
Kb4 Rb8+ 75. Ka3 Rf8 76. Rd1+ Kc5 77. Rf1 Ra8+ 78. Kb2 Kd6 79. f7 Ke7 80.
Rf4 Rc8 81. f8=Q+ Rxf8 82. Rxc4 Rb8 83. Ra4 Kd6 84. Ra3 Kc5 85. Rxb3 Rxb3+
86. Kxb3 Kb5 87. c4+ Kc5 88. Kc3 Kc6 89. c5 Kxc5 1/2-1/2

[Event "World Blitz 2023"]
[Site "Samarkand UZB"]
[Date "2023.12.30"]
[Round "12.24"]
[White "Vetokhin, Savva"]
[Black "Hovhannisyan, Robert"]
[Result "1/2-1/2"]
[WhiteElo "2483"]
[BlackElo "2570"]
[EventDate "2023.12.29"]

1. d4 d5 2. c4 e6 3. Nf3 Nf6 4. Nc3 c6 5. e3 Nbd7 6. Bd3 dxc4 7. Bxc4 b5 8.
Be2 Bb7 9. O-O Be7 10. e4 b4 11. e5 bxc3 12. exf6 Bxf6 13. bxc3 O-O 14. Rb1
Qc7 15. Bf4 Qxf4 16. Rxb7 Rfd8 17. Qc2 g6 18. g3 Qd6 19. Nd2 Bg7 20. Ne4
Qa3 21. Rfb1 Rab8 22. R1b3 Qf8 23. Rxa7 c5 24. Rxb8 Nxb8 25. Nxc5 Nc6 26.
Ra6 Bxd4 27. Nb3 Rc8 28. cxd4 Nb4 29. Qd2 Nxa6 30. Bxa6 Ra8 31. Bb5 Qa3 32.
d5 exd5 33. Bc6 Ra7 34. Qxd5 Qxa2 35. Qd8+ Kg7 36. Qd4+ Kg8 37. Bd5 Qa4 38.
Qe3 Qd7 39. Qf3 Rc7 40. Kg2 Qe7 41. Nd4 Kg7 42. Ne2 Qd6 43. Nf4 Qf6 44. Qg4
Qe5 45. h4 h5 46. Qf3 Rd7 47. Bb3 Rc7 48. Nd5 Ra7 49. Nb6 Re7 50. Nd5 Ra7
51. Ne3 Rc7 52. Bd5 Rd7 53. Bc4 Rc7 54. Bb3 Ra7 55. Bd5 1/2-1/2

[Event "World Blitz 2023"]
[Site "Samarkand UZB"]
[Date "2023.12.30"]
[Round "12.25"]
[White "Aditya, Mittal"]
[Black "Dardha, Daniel"]
[Result "0-1"]
[WhiteElo "2425"]
[BlackElo "2568"]
[EventDate "2023.12.29"]

1. d4 d5 2. c4 dxc4 3. e4 e5 4. Nf3 exd4 5. Bxc4 Nc6 6. O-O Be6 7. Bb5 Bc5
8. b4 Bb6 9. a4 a6 10. Bxc6+ bxc6 11. Nbd2 Nf6 12. Ne5 O-O 13. a5 Ba7 14.
Nxc6 Qd7 15. Qa4 Ng4 16. h3 Ne3 17. fxe3 dxe3 18. Nxa7 Qxa4 19. Rxa4 exd2
20. Bxd2 Rxa7 21. Rc1 Bd7 22. Ra3 Bb5 23. Bf4 c6 24. Bd6 Re8 25. e5 Rd7 26.
Rf3 Re6 27. Rc5 h6 28. Kh2 Kh7 29. Rg3 f5 30. Rf3 Rf7 31. Rc2 g5 32. g3 Kg6
33. Rcf2 Bc4 34. Rc3 Bd5 35. g4 f4 36. Kg1 h5 37. gxh5+ Kxh5 38. Rh2 Kg6
39. Kf2 Rh7 40. Rc1 g4 41. Rg1 g3+ 42. Ke1 Kf5 43. Rd2 Rxh3 44. Kd1 f3 45.
Bc5 Rxe5 46. Bd6 Re6 47. Bxg3 Rg6 48. Bf2 Rxg1+ 49. Bxg1 Rh1 0-1

[Event "World Blitz 2023"]
[Site "Samarkand UZB"]
[Date "2023.12.30"]
[Round "12.26"]
[White "Jumabayev, Rinat"]
[Black "Zhalmakhanov, Ramazan"]
[Result "1-0"]
[WhiteElo "2561"]
[BlackElo "2427"]
[EventDate "2023.12.29"]

1. Nf3 d5 2. d4 Nf6 3. c4 e6 4. Nc3 Nbd7 5. cxd5 exd5 6. Bg5 c6 7. e3 h6 8.
Bf4 Nh5 9. Bd3 Be7 10. O-O O-O 11. h3 Nxf4 12. exf4 Nf6 13. Ne5 Re8 14. Re1
Be6 15. a3 c5 16. Bb5 Rf8 17. Ng6 fxg6 18. Rxe6 Rc8 19. Qd3 cxd4 20. Ne2
Ne4 21. Rxg6 Bf6 22. Rd1 Qb6 23. Bd7 Rc7 24. Bg4 Qxb2 25. Be6+ Kh8 26. Bxd5
Nc5 27. Qf3 d3 28. Ng3 Bd4 29. f5 Re7 30. Rg4 Re5 31. Bc4 Rfe8 32. Bxd3
Re1+ 33. Rxe1 Rxe1+ 34. Bf1 Rc1 35. f6 Bxf6 36. Nh5 Bd4 37. Ng3 Bf6 38. h4
Qc3 39. Qxc3 Rxc3 40. a4 Ra3 41. Bb5 a6 42. Be8 Ra1+ 43. Kh2 Ra2 44. f3 Nd3
45. Re4 Be5 46. Kh3 Nf4+ 47. Kg4 Nd3 48. f4 Nf2+ 49. Kf3 Nxe4 50. Nxe4 Bc7
51. Nc5 Ra3+ 52. Kg4 b5 53. Nxa6 Bd6 54. axb5 Rb3 55. h5 Kg8 56. Kf5 Kf8
57. Bc6 Ke7 58. Kg4 Kf6 59. g3 Rb2 60. Bd7 Be7 61. Nc7 Bd8 62. Nd5+ Kf7 63.
Kf5 Rd2 64. Bc6 Rb2 65. g4 Rb3 66. Bd7 Rb2 67. Bc6 Rb1 68. Nc3 Rb4 69. g5
hxg5 70. fxg5 Rb2 71. Ne4 Bc7 72. Bd5+ Ke7 73. Bc6 Rb1 74. Kg6 Kf8 75. Nc5
Be5 76. Nd7+ 1-0

[Event "World Blitz 2023"]
[Site "Samarkand UZB"]
[Date "2023.12.30"]
[Round "12.27"]
[White "Gaehwiler, Gabriel"]
[Black "Ruck, Robert"]
[Result "0-1"]
[WhiteElo "2448"]
[BlackElo "2561"]
[EventDate "2023.12.29"]

1. d4 Nf6 2. Nf3 g6 3. g3 Bg7 4. Bg2 d5 5. c4 c6 6. cxd5 cxd5 7. Nc3 O-O 8.
Bf4 Nc6 9. O-O Ne4 10. Qb3 Na5 11. Qb4 Nc6 12. Qb3 Na5 13. Qb4 Nc6 14. Qb3
Nxc3 15. bxc3 Na5 16. Qb4 b6 17. Nd2 Bb7 18. Rac1 Rc8 19. c4 Nc6 20. Qa4
Nxd4 21. Rfe1 Bc6 22. Qxa7 e5 23. cxd5 Ra8 0-1

[Event "World Blitz 2023"]
[Site "Samarkand UZB"]
[Date "2023.12.30"]
[Round "12.28"]
[White "Kobalia, Mikhail"]
[Black "Suyarov, Mukhammadzokhid"]
[Result "1/2-1/2"]
[WhiteElo "2558"]
[BlackElo "2449"]
[EventDate "2023.12.29"]

1. e4 e5 2. Nf3 Nf6 3. Nc3 Nc6 4. d4 exd4 5. Nxd4 Bb4 6. Nxc6 bxc6 7. Bd3
d5 8. exd5 O-O 9. O-O cxd5 10. Bg5 c6 11. Qf3 h6 12. Bxf6 Qxf6 13. Qxf6
gxf6 14. Ne2 Re8 15. Nd4 Bd7 16. c3 Bf8 17. Rfe1 c5 18. Nf5 a5 19. Ne3 Be6
20. c4 dxc4 21. Bxc4 Red8 22. Rac1 a4 23. g3 Rd4 24. Rc2 Rad8 25. Kg2 h5
26. h4 Bc8 27. Be2 Be6 28. Bc4 Kg7 29. b3 axb3 30. axb3 Ra8 31. Ree2 f5 32.
Bxe6 fxe6 33. Nc4 Kf6 34. Re3 Bh6 35. Re1 Ra6 36. Rce2 Bg7 37. Ne5 Rd5 38.
Nf3 Rb6 39. Re3 Bh6 40. Rc3 e5 41. Re2 e4 42. Ne1 Bd2 43. Rc2 Bxe1 44. Rxe1
Rxb3 45. Rec1 Rb5 46. Ra1 Rb6 47. Ra8 Rc6 48. Rh8 Kg6 49. Rg8+ Kh7 50. Rg5
Kh6 51. Kf1 c4 52. Ke2 c3 53. Rg8 Rd3 54. Rg5 Rf3 55. Rg8 f4 56. Re8 fxg3
57. fxg3 Rxg3 58. Rxe4 Rg4 59. Re3 Rgc4 60. Rg3 Re4+ 61. Kf1 Rf4+ 62. Ke2
Re6+ 63. Kd3 Rxh4 64. Rxc3 Rg4 65. Rf3 h4 66. Rc8 Kg5 67. Rg8+ Rg6 68.
Rxg6+ Kxg6 69. Ke2 Kg5 70. Rf8 Rf4 71. Rxf4 1/2-1/2